| 000 | 01212nam a2200253Ia 4500 | ||
|---|---|---|---|
| 008 | 130821s2010 ck a gr spa | ||
| 020 | _a9789588682082 | ||
| 040 |
_aCo-BoUCM _bspa |
||
| 041 | 0 | 0 | _aspa |
| 100 |
_aUniversidad Surcolombiana. _bFacultad de Derecho _9168262 |
||
| 245 | 1 | 0 |
_aJudicium hacia una visión transversal del Derecho _cUniversidad Surcolombiana ;Grupo de investigación Cynergia; Ricardo Moncaleano Perdomo, Diego Omar Pérez Salas,Docentes investigadores ;Breydi Fernando Castro Campos, Investigador; Diana Marcela Ortíz Tovar, directora |
| 260 |
_aNeiva (Huila, Colombia) _bUniversidad Surcolombiana _c2010 |
||
| 300 |
_a506 páginas _btablas |
||
| 650 | 0 | 4 |
_aAccidentes de tránsito _xLegislación _zColombia _98313 |
| 650 | 0 | 4 |
_aAdopción (Derecho) _xLegislación _zColombia _9168263 |
| 650 | 0 | 4 |
_aDerecho fiscal _xLegislación _zColombia _938442 |
| 650 | 0 | 4 |
_aDerecho y sociedad _912849 |
| 700 | 1 |
_aCastro Campos, Breydi Fernando _9168264 |
|
| 700 | 1 |
_aMoncaleano Perdomo, Ricardo _9168265 |
|
| 700 | 1 |
_aOrtíz Tovar, Diana Marcela _edir _9168266 |
|
| 700 | 1 |
_aPérez Salas, Diego Omar _9168267 |
|
| 942 |
_cLIBRO _a8 _e1 _mJ928 _2DEWEY _h340.02 |
||
| 999 |
_c72590 _d72590 |
||